Poberatelia podpory v nezamestnanosti z pohľadu legislatívnych zmien

Novelou zákona o zamestnanosti č. 292/1999 Z.z. platnou od 1.12.1999 boli uskutočnené zmeny, ktoré smerovali najmä k sprísneniu podmienok poskytovania podpory v nezamestnanosti. Legislatívne úpravy a dopad týchto zmien. Vývoj v poberaní podpôr v nezamestnanosti.

Salvato in:
Dettagli Bibliografici
Autore principale: Senderáková, Lucia
Natura: Capitolo di libro
Lingua:slovacco
Soggetti:
Tags: Aggiungi Tag
Nessun Tag, puoi essere il primo ad aggiungerne!!

MARC

LEADER 00000naa a2200000 4500
001 r042945
005 20231002081135.2
041 0 |a slo 
044 |a SK 
245 1 0 |a Poberatelia podpory v nezamestnanosti z pohľadu legislatívnych zmien  |c Lucia Senderáková 
520 |a Novelou zákona o zamestnanosti č. 292/1999 Z.z. platnou od 1.12.1999 boli uskutočnené zmeny, ktoré smerovali najmä k sprísneniu podmienok poskytovania podpory v nezamestnanosti. Legislatívne úpravy a dopad týchto zmien. Vývoj v poberaní podpôr v nezamestnanosti. 
610 2 0 |a podpory v nezamestnanosti 
610 2 0 |a legislatíva 
610 2 0 |a úpravy právne 
610 2 0 |a novelizácia 
610 2 0 |a vývoj mzdový 
610 2 0 |a mzdy priemerné 
610 2 0 |a mzdy minimálne 
610 2 0 |a absolventi 
610 2 0 |a nezamestnanosť 
610 2 0 |a 1997-2000 
100 1 |a Senderáková, Lucia